000 00521nam a2200157 a 4500
001 000038626
005 20201002031320.0
008 130416s2012 dr a 000 0 spa d
020 _a9789945005806
040 _aDO-SdBNP
_bspa
_cBNPHU
100 1 _aGonzález Ducho, Antonio
_964959
245 1 0 _aReflexiones en tinta /
_cAntonio Gonzáles Duche.
260 _aSanto Domingo :
_bPunto Visual,
_c2012.
300 _a127 p. :
_bils. ;
_c31 cm.
500 _aIncluye datos biográficos del autor en la solapa de la contracubierta
999 _c38116
_d38116